Curso de geometria descriptiva da Escola Polytechnica / (Record no. 161614)

MARC details
000 -LEADER
campo de control de longitud fija 00690nam a2200181 i 4500
001 - NÚMERO DE CONTROL
campo de control 161614
003 - IDENTIFICADOR DE NÚMERO DE CONTROL
campo de control ES-MaACL
005 - FECHA Y HORA DE LA ÚLTIMA TRANSACCIÓN
campo de control 20230906212326.0
008 - DATOS DE LONGITUD FIJA--INFORMACIÓN GENERAL
campo de control de longitud fija 990211s1899 po ad |||| | por d
040 ## - FUENTE DE CATALOGACIÓN
Centro catalogador/agencia de origen CCPB | B
Lengua de catalogación spa
Centro/agencia transcriptor CCPB | B
100 1# - ENTRADA PRINCIPAL--NOMBRE DE PERSONA
Nombre de persona Pegado, Luiz Porfirio da Motta.
9 (RLIN) 130934
245 10 - MENCIÓN DEL TÍTULO
Título Curso de geometria descriptiva da Escola Polytechnica /
Mención de responsabilidad, etc. por Luiz Porfirio da Motta Pegado.
260 ## - PUBLICACIÓN, DISTRIBUCIÓN, ETC.
Lugar de publicación, distribución, etc. Lisboa :
Nombre del editor, distribuidor, etc. [s.n.],
Fecha de publicación, distribución, etc. 1899 (
Fabricante Typographia da Academia Real das Sciencias)
300 ## - DESCRIPCIÓN FÍSICA
Extensión 2 v. ;
Dimensiones 27, 31 cm.
505 8# - NOTA DE CONTENIDO CON FORMATO
Nota de contenido con formato Contiene: Texto (XLII, 444 p.) -- Atlas (IX, 128 h. de lám.)
650 #4 - PUNTO DE ACCESO ADICIONAL DE MATERIA--TÉRMINO DE MATERIA
Término de materia o nombre geográfico como elemento de entrada Geometría descriptiva.
9 (RLIN) 136182
852 ## - LOCALIZACIÓN
Ubicación ES-MaACL
Número de control de estantería G-5811-5812
Nota libre -- Enc. hol.
Holdings
Estatus retirado Estado de pérdida Estado de daño No para préstamo Colección Biblioteca de origen Biblioteca actual Ubicación en estantería Fecha de adquisición Fuente de adquisición Total de préstamos Signatura topográfica completa Código de barras Visto por última vez Precio de reemplazo Tipo de ítem Koha
        Libros del s. XIX Biblioteca del Ateneo de Madrid Biblioteca del Ateneo de Madrid Depósito 2 17/01/2008     G-5811-5812 1169292 23/02/2023 23/02/2023 Libro impreso antiguo